000 00774cam a2200241 i 4500
001 14267486
003 OSt
005 20260317115035.0
008 060215r20061988nyu b 001 0 eng
020 _a9780415365086
_qhbk
040 _beng
_cHDL
082 _a294.3 P6
100 1 _aGombrich, Richard F.
_q(Richard Francis),
_d1937-
_91132275
245 1 0 _aTheravāda Buddhism :
_ba social history from ancient Benares to modern Colombo /
_cRichard F. Gombrich.
250 _aSecond edition.
264 1 _aNew York :
_bRoutledge Taylor & Francis Group,
_c2006.
300 _axiii, 234 pages ;
_c22 cm.
490 0 _aThe library of religious beliefs and practices
650 _xHistory
651 _aNew York
_91115865
942 _2CC
_cTEXL
_n0
999 _c1715601
_d1715601